00596nam a2200181 a 4500008004100000040002500041041000800066044001100074100002000085245012800105260002900233300002300262490003400285700002700319700003500346700002600381020000700407961031s1975 m yxo 0 slo c aSNKbslocSNKeAACR21 aslo axocSK1 aMarx, Karl4aut10aO proletárskom internacionalizmecKarl Marx, Friedrich Engels, Vladimir Iľjič Lenin ; zborník zost. N. U. Belousova aBratislavabPravdac1975 a677, [11] s.c8ř0 aKnižnica marxizmu-leninizmu1 aEngels, Friedrich4aut1 aLenin, Vladimir Iľjič4aut1 aBelousova, N. U.4com c18